00741nam a2200205Ia 4500020001800000020001500018040000800033082002600041245009000067260007500157300006500232490003500297500010300332650001100435650001100446650001400457650001400471650002800485700002200513 a9789251058626 a9251058628 cWAU a639 FOO 2007 A090 Or.00aStudy and analysis of feeds and fertilizers for sustainable aquaculture development / aRome :bFood and Agriculture Organization of the United Nations,c2007 axviii, 510 p. :bill. (some col.), maps (some col.) ;c30 cm1 aFAO fisheries technical paper, aPresents the report of a workshop, a summary of the working group discussions, and recommendations 0aFishes 0aFishes 0aShellfish 0aShellfish 0aSustainable aquaculture1 aHasan, Mohammad R